000 00566nam a2200217Ia 4500
005 20250923144507.0
008 008 250917s9999 xx 000 0 eng d
037 _aTextual
040 _aDSWL
_beng
_cDSWL
041 _aeng
_2eng
084 _qDSWL
100 _aGerth, Hans
_9825442
245 0 _aCharacter & social structure
_cby Hans Gerth
260 _aLondon
_bRoutledge & Kegan Paul
_c1954
300 _axxv,590p.
365 _aINR
_b30
700 _aC.Wright Mills
_9825443
925 _g30
942 _cTEXL
999 _c1439610
_d1439610